000 00408nam a2200133Ia 4500
008 100328s9999 xx 000 0 und d
082 _b17439
100 _aरंजीत कर्नल
245 _aचांदी की मछली
260 _bशिक्षा भारती
630 _aचांदी की मछली
730 _aचांदी की मछली
942 _cBOOK
999 _c512014
_d512011